LEADER 00662nab a2200169 i 4500 001 000000270551 003 CaOOAMICUS 005 20090209000000.0 008 090209n xx uu u0 0und r 013 $a17203 020 $a978-88-01-04241-2 040 $aSeMil$bita 245 13$aLa Celebrazione dei Sacramenti. - Titolo dalla copertina. - In Allegato :$bCD. 500 $aGennaio-Febbraio-Marzo 2009. 773 0 $t[2009].$dLeumann (Torino) : Elledici, copyr. 2009.$w()177869 996 $6020$a978-88-01-04241-2$9(OLS)http://semarc/number/267423 996 $6245$aLa Celebrazione dei Sacramenti. - Titolo dalla copertina. - In Allegato :$bCD.$9(OLS)http://semarc/title/359537 LEADER 01184nam a2200253 i 4500 001 000000082466 003 CaOOAMICUS 005 20180305000000.0 008 180305s1956 it u000 u ita u 013 $a54706 040 $aSeMil$bita 245 10$aCattolici militanti :$bdirettive pontificie per l'apostolato dei laici /$ca cura del sac. Giulio Delugan. 260 $aMilano [etc.] :$bĀncora,$c1956. 300 $aXVI, 389 p. ;$c23 cm. 490 0 $aBiblioteca cattolica. Documenti pontifici ;$v1 500 $aContiene : Indice cronologico degli Atti Pontifici citati nel volume. 650 4$aApostolato - Spiritualitā.$0(OLS)http://semarc/subject/7685 700 1 $aDelugan, Giulio,$d<1891-1974>.$0(OLS)http://semarc/name/23186 830 0$aBiblioteca cattolica. Documenti pontifici ;$v1.$0(OLS)http://semarc/title/28930 850 $aSeMil 852 $aSeMil$W1$xVenegono$y1$m3J VI 73$j47441$B47441$CSeMilBibl$Z2$F50065 $81 961 $aRecupero: Seminario di Seveso 996 $6245$aCattolici militanti :$bdirettive pontificie per l'apostolato dei laici$9(OLS)http://semarc/title/405128 996 $6260$aMilano [etc.] :$bĀncora$9(OLS)http://semarc/publisher/32331